• 首页
  • 本馆介绍
  • 公告通知
  • 最新文献
  • 馆藏检索
  • 电子资源
  • 读者导购
  • 参考咨询
  • 我的图书馆
  • 登录
  • 详细信息显示
  • 放入我的书架
  • 预约/预借图书
  • 作者相关作品
  • 分类相关作品
  • 丛书相关作品
  • 出版社相关作品

书目信息

  • 表格格式
  • 工作单格式
  • 卡片格式
题名:
土壤地理与生物地理
    
 
作者: 陈炳涛 主编
分册:  
出版信息: 上海   华东师范大学出版社  1991
页数: 360页
开本: 20cm
丛书名:
单 册:
中图分类: S159
科图分类:
主题词: 土壤学
电子资源:
ISBN: 7-5617-0628-6
000 00600nam0 2200205 450
001 0651794125
005 20070615150631.03
010    @a7-5617-0628-6@dCNY10.40
100    @a20061018d1991 km y0chiy0120 ea
101 0  @achi
102    @aCN@b310000
200 1  @a土壤地理与生物地理@Atu rang di li yu sheng wu di li@f陈炳涛主编@Fchen bing tao zhu bian
210    @a上海@c华东师范大学出版社@d1991@h1997
215    @a360页@d20cm
300    @a新世纪高等师范院校教材
606 0  @a土壤学
690    @aS159@v3
701  0 @a陈炳涛@Achen bing tao@4主编
801  0 @aCN@bPFT@c20070615
905    @a10447@dS159@e53
    
    土壤地理与生物地理/陈炳涛主编.-上海:华东师范大学出版社,1991(1997)
    360页;20cm
    新世纪高等师范院校教材
    
    ISBN 7-5617-0628-6:CNY10.40
    
●
相关链接 在E读中查询图书 在五车中查询图书 在当当中查询图书 在豆瓣中查询图书


正题名:土壤地理与生物地理     索取号:S159/53         预约/预借

序号 登录号 条形码 馆藏地/架位号 状态 备注
1 0503931   205039313   密集书库/ [索取号:S159/53] 在馆    
2 0517374   205173747   密集书库/ [索取号:S159/53] 在馆    
3 0629733   206297336   密集书库/ [索取号:S159/53] 在馆    
4 0629734   206297345   密集书库/ [索取号:S159/53] 在馆    
5 0629735   206297354   密集书库/ [索取号:S159/53] 在馆    
6 0629736   206297363   密集书库/ [索取号:S159/53] 在馆    
7 0629737   206297372   密集书库/ [索取号:S159/53] 在馆    
8 0629738   206297381   密集书库/ [索取号:S159/53] 在馆    
9 0629739   206297390   密集书库/ [索取号:S159/53] 在馆    
10 0629740   206297407   密集书库/ [索取号:S159/53] 在馆    
11 0629741   206297416   密集书库/ [索取号:S159/53] 在馆    
12 0629742   206297425   密集书库/ [索取号:S159/53] 在馆    
13 0629743   206297434   密集书库/ [索取号:S159/53] 在馆    
14 0629744   206297443   密集书库/ [索取号:S159/53] 在馆    
15 0652617   206526179   库房3/ [索取号:S159/53] 在馆    
16 0652618   206526188   库房3/ [索取号:S159/53] 在馆    
17 0652619   206526197   库房3/ [索取号:S159/53] 在馆    
唐山师范学院图书馆 欢迎您!
大连网信软件有限公司© 版权所有